Statistieken voor Noem 18 soorten fruit in enkelvoud - Quiz met fruit 1

Klik hier om de quiz te nemen!

Algemene statistieken

  • Deze quiz is 28 keer genomen
  • De gemiddelde score is 8 van 18

Antwoordstatistieken

HintAntwoord% Correct
AAppel
100%
BBanaan
83%
DDruif
83%
Bes
72%
Ananas
61%
CCitroen
61%
Aardbei
56%
Abrikoos
44%
Braam
44%
Kiwi
39%
Dadel
33%
FFramboos
33%
KKers
22%
GGrapefruit
17%
Avocado
11%
Granaatappel
11%
Cranberry
6%
Kruisbes
0%

Scoreverdeling

Percentiel versus Aantal Correcte Antwoorden

Procent van Mensen met Elke Score

Uw Scoregeschiedenis

U heeft deze quiz nog niet genomen